| 000 | 00980 a2200445 4500 | ||
|---|---|---|---|
| 000 | BKB | ||
| 001 | 069753 | ||
| 005 | 20200902150343.0 | ||
| 008 | |||
| 010 | _a | ||
| 020 | _a | ||
| 082 |
_a338.6048 _bR58H |
||
| 100 | 1 | _aRochlin, Dave | |
| 110 | _a | ||
| 245 | 1 |
_aHunter or hunted _cby Dave Rochlin |
|
| 250 | _a | ||
| 260 |
_aAustralia _bThomson _c2006 |
||
| 300 | _a306p. | ||
| 490 |
_a _v |
||
| 500 | _a | ||
| 600 | _a | ||
| 610 | _a | ||
| 611 | _a | ||
| 630 | _a | ||
| 650 | _a | ||
| 651 | _a | ||
| 654 | _a | ||
| 690 | _aStrategic planning; Technological innovations--Economic aspects; Technological innovations--Management; Technology--Economic aspects; Competition; Industrial management | ||
| 700 |
_a _b _c |
||
| 710 |
_a _b _c |
||
| 711 | _a | ||
| 720 | _a | ||
| 730 | _a | ||
| 740 | _a | ||
| 752 | _a | ||
| 856 |
_a _d _f |
||
| 904 | _a | ||
| 964 |
_a _b _c _d _e _f _g |
||
| 965 | _a | ||
| 999 |
_c3293 _d3293 |
||